Subdivision capitals closest to Schaffhausen (CH) - Statistics

General Stats
  • This quiz has been taken 16 times
  • The average score is 13 of 20
Answer Stats
Distance (km) Answer % Correct
2 37 Zürich
100%
7 71 Appenzell
80%
12 80 Basel
80%
10 76 Luzern
80%
6 63 Sankt Gallen
80%
3 56 Aarau
70%
11 80 Glarus/Glaris
70%
9 75 Schwyz
70%
17 91 Vaduz
70%
16 90 Altdorf
60%
15 88 Schaan
60%
4 59 Zug
60%
14 86 Bregenz
50%
1 25 Frauenfeld
50%
5 59 Herisau
50%
8 71 Liestal
50%
18 94 Sarnen
50%
19 99 Solothurn
50%
20 103 Delémont
40%
13 85 Stans
40%
No matching quizzes found
Score Distribution
Percent of People with Each Score
Percentile by Number Answered
Your Score History
You have not taken this quiz